Bad For You - Chappell Roan (All Lyrics) - Statistics

General Stats
  • This quiz has been taken 10 times
  • The average score is 110 of 264
Answer Stats
Lyrics % Correct
You
83%
you
83%
bad
67%
for
67%
I
67%
me
67%
me,
67%
be
50%
do
50%
it
50%
It's
50%
know
50%
love
50%
my
50%
Oh,
50%
that
50%
to
50%
want
50%
When
50%
when
50%
your
50%
you're
50%
all
33%
alone
33%
am
33%
And
33%
and
33%
As
33%
being
33%
can't
33%
Hallelujah,
33%
hallelujah
33%
if
33%
I'll
33%
I'm
33%
in
33%
room
33%
think
33%
with
33%
are
17%
could
17%
give
17%
mine
17%
of
17%
on
17%
tell
17%
thinking
17%
what
17%
yours
17%
about
0%
around
0%
back
0%
Bare
0%
bet
0%
Bet
0%
Blood
0%
comes
0%
darling,
0%
Darling,
0%
doing
0%
easy
0%
exactly
0%
fingers
0%
forgive
0%
Goddess,
0%
goddess
0%
having
0%
help
0%
hold
0%
Lace
0%
lungs
0%
neck
0%
pleasure
0%
pride
0%
'round
0%
shouldn't
0%
sink
0%
skin
0%
sure
0%
take
0%
teeth
0%
telling
0%
things
0%
Things
0%
tongue
0%
trouble
0%
wonder
0%
won't
0%
Wrap
0%
No matching quizzes found
Score Distribution
Percent of People with Each Score
Percentile by Number Answered
Your Score History
You have not taken this quiz